International Journal of Engineering and Modern Technology (Record no. 44054)

MARC details
000 -LEADER
fixed length control field 00514nam a2200169Ia 4500
022 ## - INTERNATIONAL STANDARD SERIAL NUMBER
ISSN 2695-2149
050 ## - CALL MARK
Classification number TA 1. I58/
245 #0 - TITLE STATEMENT
Title International Journal of Engineering and Modern Technology
250 ## - EDITION / VOLUME STATEMENT
Edition / Volume statement Vol. 10, No. 1
260 ## - PUBLICATION, DISTRIBUTION, ETC. (IMPRINT)
Place of publication Nigeria
260 ## - PUBLICATION, DISTRIBUTION, ETC. (IMPRINT)
Name of publisher International Institute of Academic Research and Development (IIARD)
260 ## - PUBLICATION, DISTRIBUTION, ETC. (IMPRINT)
Year of publication 2024
300 ## - PHYSICAL DESCRIPTION
Number of Pages 121 p. :ill. ; 30 cm.
650 ## - SUBJECT ADDED ENTRY--TOPICAL TERM
Topical Term Engineering--Periodicals. Engineering--Nigeria--Periodicals.
942 ## - ADDED ENTRY ELEMENTS (KOHA)
Koha item type Serials
Source of classification Library of Congress Classification

No items available.